| 000 | 00637nam a22001937a 4500 | ||
|---|---|---|---|
| 005 | 20180702143735.0 | ||
| 010 | _aB-161037 | ||
| 020 |
_a8126905569 _c795.00 |
||
| 035 | _aB-161037 | ||
| 037 | _bAtlantic | ||
| 082 | _a133.5 | ||
| 100 | _aJain,Sanat Kumar | ||
| 245 |
_aAstrology: _ba science or myth _cby Sanat Kumar Jain |
||
| 260 |
_aNew Delhi _bAtlantic _c2005 |
||
| 270 |
_a7/22, Ansari Road, Darya Ganj, New Delhi-110002 _bNew Delhi _e110002 |
||
| 300 |
_a439p. _c22cm(pb) |
||
| 942 |
_2ddc _cEN _h133.5 _mJAI |
||
| 999 |
_c153051 _d153051 |
||